000 01442nab a22002537a 4500
999 _c6043
_d6043
003 OSt
005 20260118212558.0
008 190605e xxu||||| |||| 00| 0 spa d
040 _cPJ
100 _96833
_aVerrone, Pablo Martín
245 1 0 _aDe la ficción del mutuo acuerdo a la realidad del despido encubierto. Cuando el convenio revela el vicio /
_cPablo Martín Verrone.
260 _aCiudad Autónoma de Buenos Aires :
_bThomson Reuters La Ley,
_c2025.
300 _ap. 93-95
500 _aCita: TR LALEY AR/DOC/2741/2025.
505 _aSumario: I. Introducción: cuando el ropaje legal no alcanza para ocultar la verdad.— II. El art. 241 LCT y sus condiciones de validez.— III. El caso: el acuerdo como imposición disfrazada.— IV. La sentencia: una disección jurídica del consentimiento viciado.— V. Reflexión final: cuando el acuerdo no es tan mutuo.
505 _aFallo comentado: CNTrab., sala VIII ~ 27/08/2025 ~ Palermo, Luciano Pablo c. LAN Argentina S.A. s/ despido.
505 _t¿Te interesa el texto completo? Solicitalo al correo: koha@justierradelfuego.gov.ar
650 0 _91316
_aDERECHO LABORAL
650 0 _91323
_aCONTRATO DE TRABAJO
650 0 _91486
_aEXTINCION DEL CONTRATO DE TRABAJO
650 0 _91533
_aDESPIDO
773 0 _02711
_93168
_dCiudad Autónoma de Buenos Aires : Thomson Reuters La Ley, 1999-2002.
_tRevista de derecho del trabajo. Nº 6 - Noviembre 2025
942 _2udc
_cANA